000 00427nam a2200157Ia 4500
999 _c30320
_d30320
003 OSt
005 20210206103424.0
008 190216s9999||||xx |||||||||||||| ||und||
040 _coclc
082 _a303
_bGAN/S
100 1 _aGandhi, Mahatma
_d1869-1948
_922
245 0 _aSamoohya Jeevitham /
_cMahatma Gandhi
260 _bKerala Shaka,
300 _a542p
942 _cBK
_2ddc
_h303
_iGAN/S
_k303
_mGAN/S